000 00526cam a2200157 i 4500
005 20251210110818.0
008 250721s1990 ua gr 000 0 ara d
082 1 4 _a216,23
_bج م ع
100 1 _aمكي، جمعة محمد
_eمؤلف.
245 3 1 _aالصوم والاعتكاف :
_bدراسة فقهية مقارنة /
_cتأليف الدكتور جمعة محمد مكي.
264 3 1 _aالقاهرة :
_bالمؤلف،
_c1990.
300 _a178صفحة.
650 1 7 _aالصوم.
942 _2ddc
_cBK
999 _c392
_d392